|
|
|
|
| LEADER |
02165cas a2200241 a 4500 |
| 001 |
AALejournalIMF019213 |
| 008 |
230101c9999 xx r poo 0 0eng d |
| 020 |
|
|
|c 5.00 USD
|
| 020 |
|
|
|z 9781498307291
|
| 022 |
|
|
|a 2663-3493
|
| 040 |
|
|
|a BD-DhAAL
|c BD-DhAAL
|
| 110 |
2 |
|
|a International Monetary Fund.
|b Strategy, Policy, and Review Department.
|
| 245 |
1 |
0 |
|a Macroeconomic Developments and Prospects in Low-Income Developing Countries.
|
| 264 |
|
1 |
|a Washington, D.C. :
|b International Monetary Fund,
|c 2018.
|
| 300 |
|
|
|a 1 online resource (75 pages)
|
| 490 |
1 |
|
|a Policy Papers
|
| 500 |
|
|
|a <strong>Off-Campus Access:</strong> No User ID or Password Required
|
| 500 |
|
|
|a <strong>On-Campus Access:</strong> No User ID or Password Required
|
| 506 |
|
|
|a Electronic access restricted to authorized BRAC University faculty, staff and students
|
| 520 |
3 |
|
|a This paper is the fourth in a series that examines macroeconomic developments and prospects in Low Income Developing Countries (LIDCs). LIDCs are Fund member countries where gross national income (GNI) per capita lies below a threshold level and where external financial linkages and socioeconomic indicators have not lifted them into emerging market status. There are 59 countries in the LIDC grouping, accounting for about one-fifth of the world's population and 4 percent of global output. The paper examines macroeconomic trends across LIDCs in recent years, contrasting key features of the current situation with the period prior to the 2014 decline in commodity prices. Particular attention is given to the evolution of fiscal positions and public debt levels, including detailed analysis of the drivers of debt accumulation and the current severity of debt vulnerabilities. The analysis is grounded in, and draws on, the analysis and databases used to compile the World Economic Outlook: this report drills down into the WEO database to look in detail at the experience of LIDCs.
|
| 538 |
|
|
|a Mode of access: Internet
|
| 830 |
|
0 |
|a Policy Papers; Policy Paper ;
|v No. 2018/013
|
| 856 |
4 |
0 |
|z Full text available on IMF
|u http://elibrary.imf.org/view/journals/007/2018/013/007.2018.issue-013-en.xml
|z IMF e-Library
|